Top 10 Anime Series - Statistics

General Stats
  • This quiz has been taken 17,536 times
  • The average score is 8 of 10
Answer Stats
Hint Answer % Correct
Before He Was Executed, The Legendary Pirate King Gold Roger Revealed That He Had Hidden The Treasure. One Piece
96%
Blonde Ninjas Naruto
93%
Blonde Ninjas Naruto Shippuden
93%
Could You Be Kira? Death Note
84%
Power Level Over 9000 Dragon Ball Z
84%
Brothers Edward and Alphonse Elric are raised by their mother Trisha in the remote village of Risembool in the country of Amestris. Fullmetal Alchemist
84%
Brothers Edward and Alphonse Elric are raised by their mother Trisha in the remote village of Risembool in the country of Amestris. Fullmetal Alchemist: Brotherhood‎
84%
We Use This Product To Clean Our Toilets. Bleach
71%
After The Invasion Of Japan By The Brittannian Empire, The Country Is Renamed To “Area 11″ Code Geass
56%
The Title Are What We Tell Our Children E.g Red Riding Hood Fairy Tail
40%
No matching quizzes found
Score Distribution
Percent of People with Each Score
Percentile by Number Answered
Your Score History
You have not taken this quiz